| 000 | 01305nam0a2200373 4500 | ||
|---|---|---|---|
| 001 | RU\NLR\bibl\1699087 | ||
| 005 | 20260405183547.0 | ||
| 010 |
_a978-5-699-44595-0 _92000 |
||
| 021 |
_aRU _b2010-73244 _9585д/2010 |
||
| 035 | _a(nilc)RSL-KNO-004824234 | ||
| 035 | _a(NLR Aleph) 001690173 | ||
| 090 |
_a1155779 _c1155779 |
||
| 100 | _a20100928d2010 |||y0rusy50 ca | ||
| 101 | 0 | _arus | |
| 102 | _aRU | ||
| 105 | _aa ||||||||| | ||
| 200 | 1 |
_aExcel _e100 секретов и советов _fНиколай Марков |
|
| 205 | _a2-е изд. | ||
| 210 |
_aМосква _cЭксмо _d2010 |
||
| 215 |
_a319 с. _cил., табл. _d24 |
||
| 225 | 1 | _aКомпьютер на 100% | |
| 225 | 1 | _aУмные книги для умных людей! | |
| 313 | _a1-е изд. 2009 | ||
| 606 | 1 |
_aMICROSOFT EXCEL 2007, электронные таблицы _92483076 _3RU\NLR\auth\661473866 |
|
| 686 |
_aЗ973.26-018.2,0 _2rubbk |
||
| 686 | _a3973.233-018.2 | ||
| 700 | 1 |
_4070 _8rus _7ca _aМарков _bН. Ю. _cпопуляризатор _gНиколай Юрьевич _3RU\NLR\auth\7780140 _963068 |
|
| 801 | 0 |
_aRU _bRuMoRKP _c20100928 _grcr |
|
| 801 | 1 |
_aRU _bRuMoRGB _c20100928 |
|
| 801 | 2 |
_aRU _bNLR _c20101113 _grcr |
|
| 830 | _aавт. по кн. | ||
| 942 | _cBOOK | ||
| 980 | _aNB | ||